<?xml version="1.0" encoding="UTF-8"?>
<record
    xmlns:xsi="http://www.w3.org/2001/XMLSchema-instance"
    xsi:schemaLocation="http://www.loc.gov/MARC21/slim http://www.loc.gov/standards/marcxml/schema/MARC21slim.xsd"
    xmlns="http://www.loc.gov/MARC21/slim">

  <leader>00727nam a22002177a 4500</leader>
  <controlfield tag="001">39328</controlfield>
  <controlfield tag="003">BD-RjUL</controlfield>
  <controlfield tag="005">20211209052952.0</controlfield>
  <controlfield tag="008">160407p20151993bg a|||| |||| 00| 0 ben d</controlfield>
  <datafield tag="020" ind1=" " ind2=" ">
    <subfield code="a">8172152140</subfield>
    <subfield code="c">: IRs. 300.00</subfield>
  </datafield>
  <datafield tag="035" ind1=" " ind2=" ">
    <subfield code="a">(BD-RjUL)39441</subfield>
  </datafield>
  <datafield tag="040" ind1=" " ind2=" ">
    <subfield code="a">BD-RjUL</subfield>
    <subfield code="b">ben</subfield>
    <subfield code="c">BD-RjUL</subfield>
  </datafield>
  <datafield tag="041" ind1=" " ind2=" ">
    <subfield code="a">ben</subfield>
  </datafield>
  <datafield tag="082" ind1=" " ind2=" ">
    <subfield code="2">23</subfield>
    <subfield code="a">891.4409</subfield>
    <subfield code="b">BAJ 2015</subfield>
  </datafield>
  <datafield tag="100" ind1=" " ind2=" ">
    <subfield code="a">&#x9AC;&#x9B8;&#x9C1;, &#x9AA;&#x9CD;&#x9B0;&#x9A4;&#x9BF;&#x9AD;&#x9BE;</subfield>
    <subfield code="9">121223</subfield>
  </datafield>
  <datafield tag="245" ind1="1" ind2="0">
    <subfield code="a">&#x99C;&#x9C0;&#x9AC;&#x9A8;&#x9C7;&#x9B0; &#x99C;&#x9B2;&#x99B;&#x9AC;&#x9BF; /</subfield>
    <subfield code="c">&#x9AA;&#x9CD;&#x9B0;&#x9A4;&#x9BF;&#x9AD;&#x9BE; &#x9AC;&#x9B8;&#x9C1;, </subfield>
  </datafield>
  <datafield tag="300" ind1=" " ind2=" ">
    <subfield code="a">&#x9E9;&#x9EE;&#x9EF; &#x9AA;&#x9C3;. :</subfield>
    <subfield code="b">&#x99A;&#x9BF;&#x9A4;&#x9CD;&#x9B0; ;</subfield>
    <subfield code="c">&#x9E8;&#x9E8; &#x9B8;&#x9C7;&#x9AE;&#x9BF;.</subfield>
  </datafield>
  <datafield tag="650" ind1=" " ind2=" ">
    <subfield code="a">&#x9AC;&#x9B8;&#x9C1;, &#x9AA;&#x9CD;&#x9B0;&#x9A4;&#x9BF;&#x9AD;&#x9BE;, &#x9E7;&#x9EF;&#x9E7;&#x9EB;-&#x9E8;&#x9E6;&#x9E6;&#x9EC;</subfield>
    <subfield code="9">121224</subfield>
  </datafield>
  <datafield tag="650" ind1=" " ind2=" ">
    <subfield code="a">Bose, Protiva, 1915-2006</subfield>
    <subfield code="9">121225</subfield>
  </datafield>
  <datafield tag="942" ind1=" " ind2=" ">
    <subfield code="2">ddc</subfield>
    <subfield code="c">BK</subfield>
    <subfield code="0">1</subfield>
  </datafield>
  <datafield tag="999" ind1=" " ind2=" ">
    <subfield code="c">39328</subfield>
    <subfield code="d">39328</subfield>
  </datafield>
  <datafield tag="952" ind1=" " ind2=" ">
    <subfield code="0">0</subfield>
    <subfield code="1">0</subfield>
    <subfield code="2">ddc</subfield>
    <subfield code="4">0</subfield>
    <subfield code="7">1</subfield>
    <subfield code="8">NFIC</subfield>
    <subfield code="a">RUCL</subfield>
    <subfield code="b">RUCL</subfield>
    <subfield code="c">Reading</subfield>
    <subfield code="d">2015-07-05</subfield>
    <subfield code="e">Batighar, Chittagong</subfield>
    <subfield code="g">660.00</subfield>
    <subfield code="l">0</subfield>
    <subfield code="o">B 891.4409 BAJ 2015</subfield>
    <subfield code="r">2016-04-07 00:00:00</subfield>
    <subfield code="t">C-1</subfield>
    <subfield code="w">2016-04-07</subfield>
    <subfield code="y">BK</subfield>
  </datafield>
  <datafield tag="952" ind1=" " ind2=" ">
    <subfield code="0">0</subfield>
    <subfield code="1">0</subfield>
    <subfield code="2">ddc</subfield>
    <subfield code="4">0</subfield>
    <subfield code="7">0</subfield>
    <subfield code="8">NFIC</subfield>
    <subfield code="a">RUCL</subfield>
    <subfield code="b">RUCL</subfield>
    <subfield code="c">Stack</subfield>
    <subfield code="d">2015-07-05</subfield>
    <subfield code="e">Batighar, Chittagong</subfield>
    <subfield code="g">660.00</subfield>
    <subfield code="l">8</subfield>
    <subfield code="o">B 891.4409 BAJ 2015</subfield>
    <subfield code="r">2025-08-11 00:00:00</subfield>
    <subfield code="s">2025-07-28</subfield>
    <subfield code="t">C-2</subfield>
    <subfield code="w">2016-04-07</subfield>
    <subfield code="y">BK</subfield>
  </datafield>
  <datafield tag="952" ind1=" " ind2=" ">
    <subfield code="0">0</subfield>
    <subfield code="1">0</subfield>
    <subfield code="2">ddc</subfield>
    <subfield code="4">0</subfield>
    <subfield code="7">0</subfield>
    <subfield code="8">NFIC</subfield>
    <subfield code="a">RUCL</subfield>
    <subfield code="b">RUCL</subfield>
    <subfield code="c">Stack</subfield>
    <subfield code="d">2015-07-05</subfield>
    <subfield code="e">Batighar, Chittagong</subfield>
    <subfield code="g">660.00</subfield>
    <subfield code="l">3</subfield>
    <subfield code="o">B 891.4409 BAJ 2015</subfield>
    <subfield code="r">2018-05-03 00:00:00</subfield>
    <subfield code="s">2018-04-18</subfield>
    <subfield code="t">C-3</subfield>
    <subfield code="w">2016-04-07</subfield>
    <subfield code="y">BK</subfield>
  </datafield>
</record>
